Ahamannam-Io Sono Cibo:Essere Universale Di Jutte Le Forme (Record no. 353854)
[ view plain ]
| 000 -LEADER | |
|---|---|
| fixed length control field | 004200000a22001810004500 |
| 005 - DATE AND TIME OF LATEST TRANSACTION | |
| control field | 20120302061409.0 |
| 040 ## - CATALOGING SOURCE | |
| Original cataloging agency | ITA |
| 100 ## - MAIN ENTRY--PERSONAL NAME | |
| Personal name | Cogni,Giulio |
| 245 ## - TITLE STATEMENT | |
| Title | Ahamannam-Io Sono Cibo:Essere Universale Di Jutte Le Forme |
| 260 ## - PUBLICATION, DISTRIBUTION, ETC. (IMPRINT) | |
| Place of publication, distribution, etc | Roma:Edizioni Mediterranee,1982 |
| 300 ## - PHYSICAL DESCRIPTION | |
| Extent | 128p. |
| 365 ## - TRADE PRICE | |
| Price amount | Rs. |
| 650 ## - SUBJECT ADDED ENTRY--TOPICAL TERM | |
| Topical term or geographic name as entry element | Philosophy |
| 650 ## - SUBJECT ADDED ENTRY--TOPICAL TERM | |
| Topical term or geographic name as entry element | Upanishad |
| 650 ## - SUBJECT ADDED ENTRY--TOPICAL TERM | |
| Topical term or geographic name as entry element | Yoga |
| 650 ## - SUBJECT ADDED ENTRY--TOPICAL TERM | |
| Topical term or geographic name as entry element | Vedant |
| 942 ## - ADDED ENTRY ELEMENTS (KOHA) | |
| Koha item type | Book |
| Withdrawn status | Lost status | Damaged status | Not for loan | Home library | Current library | Date acquired | Total Checkouts | Barcode | Date last seen | Price effective from |
|---|---|---|---|---|---|---|---|---|---|---|
| Institute For Oriental Study, Thane | Institute For Oriental Study, Thane | 12/02/2009 | IOS-13313 | 12/02/2009 | 12/02/2009 |